| 000 | 06082nam a22005657a 4500 | ||
|---|---|---|---|
| 005 | 20100616141139.0 | ||
| 008 | 100616t xxu||||| |||| 00| 0 hin d | ||
| 010 | _aHIN-88712 | ||
| 020 |
_a9788190732888 _c900.00 |
||
| 035 | _aB-370504-525 | ||
| 035 | _aHN-61058 | ||
| 037 | _bग्रन्थ विकास / PUB | ||
| 037 | _bDBAD / PUB | ||
| 040 |
_aDPL _bHN |
||
| 082 | _a342 | ||
| 100 | _aइकबाल नारायण | ||
| 245 |
_aविश्व के प्रमुख संविधान / _cइकबाल नारायण; राममूर्ति मीणा एवं अनुपमा सक्सेना द्वारा संपादित |
||
| 246 |
_aVishva ke pramukh samvidhan _bby Iqbal Narayan; edited by Rammurti Meena and Anupama Saxena |
||
| 260 |
_aजयपुर _bग्रन्थ विकास _c2010 |
||
| 270 |
_aसी-37, राजापार्क, आदर्श नगर _bजयपुर _e4 |
||
| 300 |
_aवि.पृ _c22सेमी (सजिल्द) |
||
| 650 | _aसंविधान | ||
| 650 | _aConstitution | ||
| 700 | _aमीणा, राममूर्ति | ||
| 700 | _aसक्सेना, अनुपमा | ||
| 942 |
_2ddc _cHN _h342 _mइकबा |
||
| 999 |
_c36718 _d36718 |
||